000 00504nam a2200193Ia 4500
001 9389
008 220621s2007 ii g b000 u 465 u
020 _a81-86494-45-6
082 _a491.41
100 _aMoral, Dipankar .
245 0 _aUpabhasa Bijyan /
_cDipankar Moral.
_hTextual Documents
250 _a3rd ed. /
260 _aGuwahati :
_bStudent`s Stores ,
_c2007.
300 _a98p. ;
_c22cm.
653 _aAssamese Language
653 _aMS-Assamese
653 _aMS-Language
942 _2ddc
_cBK
999 _c9376
_d9376